000 00256nam a22001217a 4500
003 SGT
082 _a364.973
_bLAR
100 _aLARSSON STIEG
245 _aTHE GIRL WHO PLAYED
260 _aUSA
_bVINTAGE CRIME
_c2010
300 _a630
942 _2ddc
_cBK
999 _c33893
_d33893